8 Scenes, 1 Movie! Quiz Stats

 Plays Quiz Updated Sep 20, 2017

Also try: 5 Scenes, 1 Actor
Challenge
Share
Tweet
Score 0/25 Timer 10:00
9 Plays Today
% Correct
Avatar
89.9%
Who Framed Roger Rabbit
85%
The Dark Knight
84.8%
WALL·E
84.8%
Willy Wonka & the Chocolate Factory
82.7%
Slumdog Millionaire
80%
Pirates of the Caribbean: The Curse of the Black Pearl
79.9%
Avengers: Age of Ultron
78.3%
Titanic
77%
The Lord of the Rings: The Fellowship of the Ring
74%
Forrest Gump
73.7%
The Silence of the Lambs
70.3%
Pulp Fiction
65.3%
% Correct
The Wolf of Wall Street
57.1%
Life of Pi
51.3%
Beetlejuice
50.9%
The Godfather
46.5%
Rain Man
43.2%
Blade Runner
40.6%
The Grand Budapest Hotel
36.7%
The Wrestler
36%
Spectre
35.8%
The Devil Wears Prada
32.5%
Sweeney Todd: The Demon Barber of Fleet Street
27.5%
Vertigo
17.6%

You're not logged in!

Compare scores with friends on all Sporcle quizzes.
Join for Free
OR
Log In

You Might Also Like...

Show Comments

Extras

Top Quizzes Today


Score Distribution

Your Account Isn't Verified!

In order to create a playlist on Sporcle, you need to verify the email address you used during registration. Go to your Sporcle Settings to finish the process.

Report this User

Report this user for behavior that violates our Community Guidelines.

Details: